MDQL
is popping MORE tags! Check the
thread
!
Quizzes
Events
Quiz Creation
Community
Videos
Private Events
Remove Ads
Sign In
Join for FREE
Feedback
Dark Mode
Quiz Categories
Sports
Geography
Music
Movies
Television
Just For Fun
Miscellaneous
History
Literature
Language
Science
Gaming
Entertainment
Religion
Holiday
For Kids
Quiz Lab
Recent
Popular Today
Quiz Kudos Today
Editor Picks
Curator Picks
Quizzes by...
Day
Popularity
Type
Ratings
Length
Year
Community
Subscriptions
Recent Discussions
Orange Saloon
Badges
Playlists
Quests
Create
Leaderboards
Showdown
Live 5
Trivia Bingo
Activity
Puzzle Library
Sporcle Events
Private Events
Virtual Trivia
Globe League
Become a Host
Pub Owners
SporcleCon
Opinionation
Our Games
Videos
Blog
Mobile Apps
Partnerships
Remove Ads and Go Orange
Feedback
Language
Vocabulary
Begins and Ends
Definition
Spanish
French
German
Italian
Chinese
Latin
Translation
Japanese
Language
Vocabulary
Begins and Ends
Definition
Spanish
French
German
Italian
Chinese
Latin
Translation
Japanese
Random Quiz
Search Sporcle
×
Curator Pick
Curator Pick
Language
Latin
Type in answers that appear in a list
Type in answers that appear in a list
Classic
Best Score? Go Orange.
Latin Genitives Stats
Can you name the Latin Genitives?
By
kelsh
10m
59 Questions
880 Plays
880 Plays
880 Plays
Comments
Comments
Give Quiz Kudos
Give Quiz Kudos
-
- Ratings
hide this ad
Random Order
Randomize order of answers
Randomize order of answers
Replay
Link that replays current quiz
Next Quiz
Link to next quiz in quiz playlist
You Got
0%
They Got
Avg Score
66%
Avg Friend Score
Upgrade to see
Score Distribution
Jump to the score distribution portion of the page
Score
0/59
Timer
10:00
0
Plays Today
nominative
genitive
% Correct
equus
equi
85.2%
deus
dei
83.2%
vita
vitae
83.1%
donum
doni
82.3%
verbum
verbi
82.2%
periculum
periculi
81.9%
oculus
oculi
81.4%
urbs
urbis
81%
dolus
doli
81%
flamma
flammae
80.9%
templum
templi
80.9%
amor
amoris
80.2%
digitus
digiti
80%
rex
regis
79.8%
civis
civis
79%
animal
animalis
78.5%
hostis
hostis
78.3%
consilium
consilii
78.3%
dux
ducis
78.1%
timor
timoris
78.1%
memoria
memoriae
78.1%
pax
pacis
77.7%
mare
maris
76.8%
gremium
gremii
74.8%
consul
consulis
74.8%
mors
mortis
73.6%
liber
libri
71.6%
nox
noctis
69.4%
exemplar
exemplaris
68.8%
mulier
mulieris
68.5%
nominative
genitive
% Correct
somnus
somni
67.3%
navis
navis
66.7%
homo
hominis
66.3%
soror
sororis
65.3%
passer
passeris
64.8%
uxor
uxoris
64.3%
pater
patris
63.8%
miles
militis
63%
mons
montis
62.2%
aetas
aetatis
60.7%
oratio
orationis
60.6%
manus
manus
59.8%
corpus
corporis
59.4%
caput
capitis
56.6%
dies
diei
56.5%
cornu
cornus
55.1%
clades
cladis
54.1%
fortitudo
fortitudinis
53%
sol
solis
51.1%
senex
senis
50.5%
piscis
piscis
48%
gens
gentis
45.7%
vultus
vultus
43.8%
ortus
ortus
41.3%
mos
moris
40.3%
meridies
meridiei
36%
custos
custodis
32.6%
lis
litis
29.9%
eques
equitis
27.2%
Quiz Playlist
Details
Report
Send in Message
Add To Playlist
Classic:
Type in answers that appear in a list
Random Order:
Randomize order of answers
Last Updated: Dec 19, 2018
Curator Pick in
Latin
Quiz Scoreboard
CHALLENGE
Sign Up to Join the Scoreboard
Show All
Scores
Hide
Comments
May contain spoilers
Recently Published
Colored Red Africa Blitz
by spor1
Geography
30s
Find the 'City' Movie
by crazypaving
Movies
60s
5x2 Blitz: Bands
by SL_Kpop136
Music
30s
More to Explore
Quiz From the Vault
Featured Blog Post
14 Easter Pick-up Lines to Find Eggs With
hide this ad
You Might Also Like...
Tags
Latin Quiz
Genitive
Today's Top Quizzes in Language
Browse Language
hide this ad
Today's Top Quizzes in Latin
Browse Latin
Top Contributed Quizzes in Language
1
Arabic Numerals
2
1-10 Letter F Words III
3
1-10 Letter G Words III
4
1-10 Letter H Words III
5
1-10 Letter I Words III
6
What Word Starts All?
7
1-10 Letter J Words III
8
1-10 Letter K Words III
9
1-10 Letter L Words III
10
1-10 Letter M Words III
Explore More
Trending Topics
Crossword
Kpop
Anime
Marvel
NBA
Disney
Harry Potter
Puzzle
Soccer
Pokémon
Song
The Office
NFL
Country
WWE
hide this ad
More By:
kelsh
Quiz
Plays
Rating
Category
Featured
Created
State by Motto
48,973
4.05
Geography
Sep 23, 2009
Chapters 1-5 1st Year Latin Vocab
1,685
Language
Oct 7, 2011
AP Vergil Common Vocab
1,368
4.75
Language
Dec 11, 2009
First Names of Scientists
997
4.85
Science
Nov 12, 2010
Latin Genitives
880
4.56
Language
Oct 12, 2010
Go to Creator's Profile
Score Distribution
Quiz Creator Spotlight
kelsh
Follow
Send a Message
Quizzes Created
-
Created Quiz Play Count
-
More By This Creator
Popular Quizzes Today
1
Colored Red Africa Blitz
2
Find the 'City' Movie
3
Find the US States - No Outlines Minefield
4
5x2 Blitz: Bands
5
The Countries of the World
6
Find the US States
7
US States
8
Find the Countries of Europe - No Outlines Minefield
More Language Quizzes
4-Letter 'R' Words with Double Letters
Published
Trending Quizzes
Colored Red Europe Blitz I
Colored Red Africa Blitz II
Colored Red Europe Blitz II
Colored Red Africa Blitz III
Colored Red Europe Blitz III
Recently Updated
How Do You Spell That?
pecheneg
Godzilla Movies
pecheneg
Grab Bag: 4-10 Letters
pecheneg
2024 March Madness Bracket
pecheneg
Famous TV Couples
Peacemaker
Champions League XIs: Real Madrid
pecheneg
Largest US Cities 1790-2010
pecheneg
Rides in Walt Disney World
pecheneg
Most Oscar Losses (Acting)
pecheneg
Beyoncé Albums
pecheneg
Trending Topics
Harry Potter
Crossword
NBA
Disney
Kpop
Marvel
Anime
Pokémon
Song
Country
WWE
Puzzle
NFL
The Office
Soccer
Your Account Isn't Verified!
In order to create a playlist on Sporcle, you need to verify the email address you used during registration. Go to your
Sporcle Settings
to finish the process.
Report this User
Report this user for behavior that violates our
Community Guidelines
.
Details:
Send Report
Go to the Sporcle.com Mobile Site →
Comments